Kuder preference record vocational form CH
Gorde:
| Egile nagusia: | |
|---|---|
| Formatua: | Liburua |
| Hizkuntza: | ingelesa |
| Argitaratua: |
Chicago
Science Research Associates
1948
|
| Gaiak: | |
| Etiketak: |
Etiketa erantsi
Etiketarik gabe, Izan zaitez lehena erregistro honi etiketa jartzen!
|
MARC
| LEADER | 00000nam a2200000 a 4500 | ||
|---|---|---|---|
| 001 | UCU1541 | ||
| 003 | CL-VaPUC | ||
| 008 | 960409e19480000US |||||||||||||||||eng|d | ||
| 082 | 0 | 4 | |a 153.94 |b KUD |2 21 |
| 100 | 0 | |a Kuder, Frederic |e author |9 357165 | |
| 245 | 1 | 0 | |a Kuder preference record vocational form CH |
| 300 | |a 13 p | ||
| 942 | |c BK | ||
| 945 | |d 19960409 00:00:00 |a paguirre | ||
| 260 | |a Chicago |b Science Research Associates |c 1948 | ||
| 500 | |a Incluye 12 escalas válidas (traducción al español) | ||
| 650 | 0 | |a Psicología aplicada |9 270762 | |
| 650 | 0 | |a Vocación |9 328817 | |
| 650 | 7 | |a ORIENTACION PSICOLOGICA |2 CL-VaPUC |9 311637 | |
| 650 | 0 | |a Tests psicológicos |9 308644 | |
| 583 | |a last modification |c 19960409 00:00:00 |k Rodrigo Vera | ||
| 999 | |c 246109 |d 246107 | ||
| 952 | |0 0 |1 0 |4 0 |6 153_940000000000000_KUD_1948 |7 0 |8 R |9 260855 |a BIBEDU |b BIBEDU |c MCIRC |d 2019-11-19 |i 2013347 |o 153.94 KUD 1948 |p 2013347 |r 2023-01-13 |w 2019-11-19 |y BK_R |k EDU | ||